00656nam a2200181 i 450000100060000000300090000600500170001500700030003200800410003510000240007624501020010026000430020230000220024570000360026785200320030399900170033595201220035279951ES-MaACL20230906174106.0t|041025s1969 sp ||||1| spa d1 aHill, Lee H.96370513aEl beneficio como política de empresa / cpor Lee H. Hill ; [traducción por F. Ruiz Gabás]. aBarcelona : bHispano Europea, c1969. a206 p. ; c21 cm.0 aRuiz Gabás, Fernando.9100807 aES-MaACLjC-50415 bR.71751 c79951d79951 00104070aATENEOMbATENEOMcDEPO2d2008-01-17eSCl0oC-50415p1083597r2023-02-23 00:00:00w2023-02-23yMONOGRAFIA